Produtividade de Pinus caribaea VAR. hondurensis e suas relações com atributos químicos dos solos em região de Cerrado brasileiro (Registro n. 298852)
[ somente texto ]
| 000 -LÍDER | |
|---|---|
| fixed length control field | 04812nab a2200349 i 4500 |
| 003 - CÓDIGO MARC DA AGÊNCIA CATALOGADORA | |
| Campo de controle | BR-BrBNA |
| 005 - DATA E HORA DA ÚLTIMA ATUALIZAÇÃO | |
| Campo de controle | 20240319145240.0 |
| 008 - CAMPO DE TAMANHO FIXO | |
| fixed length control field | 240319b2019 bl.qr|pooa||| 00| 0 por | |
| 040 ## - FONTE DA CATALOGAÇÃO | |
| Agência catalogadora | BR-BrBNA |
| Idioma da catalogação | por |
| 072 ## - CATEGORIA AGRIS | |
| Código AGRIS | K10 |
| 072 ## - CATEGORIA AGRIS | |
| Código AGRIS | P33 |
| 100 ## - ENTRADA PRINCIPAL - NOME PESSOAL | |
| Nome pessoal | Silva, Vinicius Evangelista |
| 100 ## - ENTRADA PRINCIPAL - NOME PESSOAL | |
| Nome pessoal | Silva, Paulo Ricardo Teodoro da |
| 100 ## - ENTRADA PRINCIPAL - NOME PESSOAL | |
| Nome pessoal | Montanari, Rafael |
| 100 ## - ENTRADA PRINCIPAL - NOME PESSOAL | |
| Nome pessoal | Lisboa, Sara Dias da Silva |
| 100 ## - ENTRADA PRINCIPAL - NOME PESSOAL | |
| Nome pessoal | Batello, Edmar Roberto Bellati |
| 100 ## - ENTRADA PRINCIPAL - NOME PESSOAL | |
| Nome pessoal | Aguilar, Jailson Vieira |
| 100 ## - ENTRADA PRINCIPAL - NOME PESSOAL | |
| Nome pessoal | Lisboa, Lucas Aparecido Manzani |
| 100 ## - ENTRADA PRINCIPAL - NOME PESSOAL | |
| Nome pessoal | Albertini, Marlon Marino |
| 245 ## - TÍTULO PRINCIPAL | |
| Título principal | Produtividade de Pinus caribaea VAR. hondurensis e suas relações com atributos químicos dos solos em região de Cerrado brasileiro |
| 500 ## - NOTA GERAL | |
| Nota geral | Publicação on-line; 48 ref.; 4 tables; 3 illus.; Summaries (En, Pt) |
| 942 ## - ADDED ENTRY ELEMENTS (KOHA) | |
| Koha item type | |
| 520 ## - NOTA DE RESUMO | |
| Nota de conteúdo | <br/><br/>Resumo<br/><br/>A silvicultura com espécies exóticas desempenha importante papel socioeconômico no Brasil, fornecendo matéria-prima para a produção de madeira, lenha, carvão vegetal, celulose, dentre outros. Nesse sentido, torna-se necessário o aprofundamento do conhecimento sobre as variáveis ambientais que controlam a produtividade do Pinus; em especial, as edáficas. O objetivo do presente trabalho foi avaliar a variabilidade espacial dos atributos químicos de solo e planta em um plantio comercial de Pinus caribaea var. hondurensis. O experimento foi instalado no campus da Faculdade de Engenharia de Ilha Solteira (Unesp), localizado em Selvíria, Estado de Mato Grosso do Sul, Brasil, em um Latossolo Vermelho Distroférrico, textura muito argilosa. Foram analisados os seguintes atributos químicos do solo: fósforo (P), matéria orgânica (MO), potencial hidrogeniônico (pH), potássio (K), cálcio (Ca), magnésio (Mg), acidez potencial (H+Al), alumínio (Al), soma de bases (SB), capacidade de troca catiônica (CTC), saturação por bases (V%), cálcio (CaT), magnésio (MgT) e alumínio (m) na CTC (Capacidade de Troca Catiônica). Todos os atributos de solo e planta apresentaram dependência espacial simples na área do estudo, exceto Altura, Diâmetro a Altura do Peito e acidez potencial na camada de 0,10-0,20 m, evidenciando que o manejo de Pinus pode ser realizado de acordo com siteespecífico nas condições do estudo. O potássio foi o atributo de solo que melhor se correlacionou com a produtividade de Pinusem volume, bem como os melhores indicadores para a estimativa da produtividade.<br/><br/>Palavras-chave: Química do solo; Krigagem; Silvicultura; Variabilidade |
| 520 ## - NOTA DE RESUMO | |
| Nota de conteúdo | <br/><br/>Abstract<br/><br/>Forestry with exotic species plays an important socioeconomic role in Brazil, providing raw material for the production of wood, firewood, charcoal, cellulose, among others. In this sense, it becomes necessary to deepen the knowledge about the environmental variables that control the productivity of Pinus, especially the edaphic ones. The objective of the present work was to evaluate the spatial variability of soil and plant chemical attributes in a commercial plantation of Pinus caribaea var. Hondurensis. The experiment was installed on the campus of the Faculty of Engineering of Ilha Solteira (Unesp), located in Selvíria, state of Mato Grosso do Sul, Brazil, in a RED OXYSOL Dystroferric, very clayey texture. The following soil chemical attributes were analyzed: phosphorus (P), organic matter (OM), hydrogen ionic potential (pH), potassium (K), calcium (Ca), magnesium (Mg), potential acidity (C), base saturation (V%), calcium (CaT), magnesium (MgT) and aluminum (m) in CEC (Cationic Exchange Capacity). All soil and plant attributes presented simple spatial dependence in the studied area, except for height, diameter at breast height and potential acidity in the 0.10-0.20 m layer, evidencing that Pinus management can be performed according to the specific site in the conditions of the study. Potassium was the soil attribute that best correlated with the productivity of Pinus in volume, as well as the best indicators for the estimation of productivity.<br/><br/>Keywords: Soil chemistry; Kriging; Forestry; Variability |
| 650 ## - ASSUNTO - THESAGRO | |
| Cabeçalho tópico ou nome geográfico | QUÍMICA DO SOLO |
| 650 ## - ASSUNTO - THESAGRO | |
| Cabeçalho tópico ou nome geográfico | SILVICULTURA |
| 650 ## - ASSUNTO - THESAGRO | |
| Cabeçalho tópico ou nome geográfico | RENDIMENTO |
| 650 ## - ASSUNTO - THESAGRO | |
| Cabeçalho tópico ou nome geográfico | PINUS CARIBAEA |
| 773 0# - ENTRADA ANALÍTICA | |
| Host Biblionumber | 4065 |
| Registro do item | 313811 |
| Imprenta | Santa Maria-RS Universidade Federal de Santa Maria - Centro de Pesquisas Florestais.Departamento de Ciências Florestais. Programa de Pós-Graduação em Engenharia Florestal 1991 |
| Outro identificador | 2024-0078 |
| Título | Ciência Florestal (Brazil) |
| ISSN | 0103-9954; 1980-5098 (on-line) |
| Colação | v. 29(1) p. 292-306; (Jan-Mar 2019) |
| Número de controle de registro | BR2023001601 |
| 856 ## - ACESSO E ENDEREÇO ELETRÔNICO | |
| Identificador uniforme de recurso - URI | https://www.scielo.br/j/cflo/a/JjH6CX8DYnfdf6S6Jc4b77p/?format=pdf&lang=pt |
Nenhum exemplar disponível.

BINAGRI